<?xml version="1.0" encoding="UTF-8"?>
<record
    xmlns:xsi="http://www.w3.org/2001/XMLSchema-instance"
    xsi:schemaLocation="http://www.loc.gov/MARC21/slim http://www.loc.gov/standards/marcxml/schema/MARC21slim.xsd"
    xmlns="http://www.loc.gov/MARC21/slim">

  <leader>01399nam a2200241 a 4500</leader>
  <controlfield tag="001">BRCA_8885</controlfield>
  <controlfield tag="005">20190320210439.0</controlfield>
  <controlfield tag="008">150617s1777----it-#######---#000-0#lat-#</controlfield>
  <datafield tag="041" ind1=" " ind2=" ">
    <subfield code="a">lat</subfield>
  </datafield>
  <datafield tag="044" ind1=" " ind2=" ">
    <subfield code="a">it</subfield>
  </datafield>
  <datafield tag="084" ind1=" " ind2=" ">
    <subfield code="a">CO24</subfield>
    <subfield code="b">.F47 1777</subfield>
  </datafield>
  <datafield tag="100" ind1="1" ind2=" ">
    <subfield code="a">Ferraris, Lucius</subfield>
    <subfield code="d">1763</subfield>
    <subfield code="9">22112</subfield>
  </datafield>
  <datafield tag="245" ind1="1" ind2="0">
    <subfield code="a">Adm. Rev. P. F. Lucii Ferraris  prompta biblioteca canonica, jur&#xED;dica, moralis, theologica nec non asc&#xE9;tica, pol&#xE9;mica, rubricistica, hist&#xF3;rica.</subfield>
  </datafield>
  <datafield tag="260" ind1=" " ind2=" ">
    <subfield code="a">Venetiis</subfield>
    <subfield code="b">Apud Gasparem Storti</subfield>
    <subfield code="c">1777</subfield>
  </datafield>
  <datafield tag="300" ind1=" " ind2=" ">
    <subfield code="a">VIII, 755 p. (t.7)</subfield>
    <subfield code="c">24 x 19 cm</subfield>
  </datafield>
  <datafield tag="500" ind1=" " ind2=" ">
    <subfield code="a">Superiorum permissu, ac Privilegio</subfield>
  </datafield>
  <datafield tag="500" ind1=" " ind2=" ">
    <subfield code="a">En portada: De Principalioribus, et fere Omnibus, que in dies occurrunt nec penes omnes facilem, ac prompte reperiri possunt, ex utroque jure, pontificiis constitutionibus, conciliis, sacrarum congregationum decretis, sacrae romanae rotae decisionibus, ac probatissimis et selectissimis auctoribus.  Accurt collecta, adaucta, in unum redacta, &amp; ordine alphabetico congesta, ac in octo tomos distributa.  Editio novissima caeteris &#xF3;mnibus castigatior, et locupletior, adjecto nunc primum Indice Meteriarum absolutissimo</subfield>
  </datafield>
  <datafield tag="500" ind1=" " ind2=" ">
    <subfield code="a">Estado f&#xED;sico: presentan encuadernaci&#xF3;n en pergamino con cintas rotas y presencia del pez de plata</subfield>
  </datafield>
  <datafield tag="505" ind1="0" ind2=" ">
    <subfield code="a">Tomus septimus S-Z</subfield>
  </datafield>
  <datafield tag="650" ind1="1" ind2="4">
    <subfield code="a">Iglesia cat&#xF3;lica</subfield>
    <subfield code="v">diccionario</subfield>
    <subfield code="y">Obras anteriores a 1800</subfield>
    <subfield code="9">22113</subfield>
  </datafield>
  <datafield tag="902" ind1=" " ind2=" ">
    <subfield code="a">CFM</subfield>
  </datafield>
  <datafield tag="942" ind1=" " ind2=" ">
    <subfield code="2">lcc</subfield>
    <subfield code="c">B</subfield>
  </datafield>
  <datafield tag="999" ind1=" " ind2=" ">
    <subfield code="c">8536</subfield>
    <subfield code="d">8536</subfield>
  </datafield>
  <datafield tag="952" ind1=" " ind2=" ">
    <subfield code="0">0</subfield>
    <subfield code="1">0</subfield>
    <subfield code="4">0</subfield>
    <subfield code="7">0</subfield>
    <subfield code="a">BRCA</subfield>
    <subfield code="b">BRCA</subfield>
    <subfield code="d">2017-06-15</subfield>
    <subfield code="l">0</subfield>
    <subfield code="o">CO24 .F47 1777</subfield>
    <subfield code="p">CFM00208</subfield>
    <subfield code="r">2019-03-22 00:00:00</subfield>
    <subfield code="w">2019-03-22</subfield>
    <subfield code="y">B</subfield>
  </datafield>
</record>
